| 000 | 00527nam a2200193Ia 4500 | ||
|---|---|---|---|
| 003 | GCL | ||
| 008 | 140319s9999 xx 000 0 eng d | ||
| 040 |
_aGCL / _cGCL |
||
| 082 | 0 | 4 |
_a546 _bR C |
| 100 | 1 | _aRAO, C. N. R. | |
| 245 | 1 | 0 |
_aCHEMICAL APPROACHES TO THE SYNTHESES OF INORGANIC MATERIALS / _cRAO, C. N. R. |
| 260 |
_a[S.N] : _bWILEY EASTERN LIMITED ، _c1994 |
||
| 300 | _a102 P | ||
| 650 | 0 | 4 | _aMATERIALS |
| 650 | 0 | 4 | _aCERAMICS |
| 650 | 0 | 4 | _aINORGANIC CHEMICALS |
| 650 | 0 | 4 | _aCERAMICS MATERIALS |
| 942 |
_2ddc _cBK |
||
| 999 |
_c20150 _d20150 |
||